Kants Vorsehungskonzept auf dem Hintergrund der deutschen Schulphilosophie und -theologie (Record no. 8008)
[ view plain ]
| 000 -LEADER | |
|---|---|
| fixed length control field | 01687nam a2200409 a 4500 |
| 001 - CONTROL NUMBER | |
| control field | ebr10270954 |
| 003 - CONTROL NUMBER IDENTIFIER | |
| control field | CaPaEBR |
| 006 - FIXED-LENGTH DATA ELEMENTS--ADDITIONAL MATERIAL CHARACTERISTICS--GENERAL INFORMATION | |
| fixed length control field | m u |
| 007 - PHYSICAL DESCRIPTION FIXED FIELD--GENERAL INFORMATION | |
| fixed length control field | cr cn||||||||| |
| 008 - FIXED-LENGTH DATA ELEMENTS--GENERAL INFORMATION | |
| fixed length control field | 061019s2007 ne sb 001 0 ger |
| 010 ## - LIBRARY OF CONGRESS CONTROL NUMBER | |
| Canceled/invalid LC control number | 2006047867 |
| 015 ## - NATIONAL BIBLIOGRAPHY NUMBER | |
| National bibliography number | GBA690864 |
| Source | bnb |
| 016 7# - NATIONAL BIBLIOGRAPHIC AGENCY CONTROL NUMBER | |
| Canceled or invalid record control number | 013584925 |
| Source | Uk |
| Canceled or invalid record control number | B0703101 |
| Source | bccb |
| 020 ## - INTERNATIONAL STANDARD BOOK NUMBER | |
| Cancelled/invalid ISBN | 9004156070 |
| Cancelled/invalid ISBN | 9789004156074 |
| 040 ## - CATALOGING SOURCE | |
| Original cataloging agency | CaPaEBR |
| Transcribing agency | CaPaEBR |
| 035 ## - SYSTEM CONTROL NUMBER | |
| System control number | (OCoLC)646614980 |
| 050 14 - LIBRARY OF CONGRESS CALL NUMBER | |
| Classification number | B2799.G6 |
| Item number | L44 2007eb |
| 082 04 - DEWEY DECIMAL CLASSIFICATION NUMBER | |
| Classification number | 231/.5092 |
| Edition number | 22 |
| 084 ## - OTHER CLASSIFICATION NUMBER | |
| Classification number | 08.24 |
| Source of number | bcl |
| 100 1# - MAIN ENTRY--PERSONAL NAME | |
| Personal name | Lehner, Ulrich L., |
| Dates associated with a name | 1976- |
| 245 10 - TITLE STATEMENT | |
| Title | Kants Vorsehungskonzept auf dem Hintergrund der deutschen Schulphilosophie und -theologie |
| Medium | [electronic resource] / |
| Statement of responsibility, etc | von Ulrich L. Lehner. |
| 260 ## - PUBLICATION, DISTRIBUTION, ETC. (IMPRINT) | |
| Place of publication, distribution, etc | Leiden ; |
| -- | Boston : |
| Name of publisher, distributor, etc | Brill, |
| Date of publication, distribution, etc | c2007. |
| 300 ## - PHYSICAL DESCRIPTION | |
| Extent | ix, 532 p. |
| 490 1# - SERIES STATEMENT | |
| Series statement | Brill's studies in intellectual history, |
| International Standard Serial Number | 0920-8607 ; |
| Volume number/sequential designation | v. 149 |
| 500 ## - GENERAL NOTE | |
| General note | Originally presented as the author's thesis--Regensburg, 2005. |
| 504 ## - BIBLIOGRAPHY, ETC. NOTE | |
| Bibliography, etc | Includes bibliographical references (p. [485]-519) and index. |
| 533 ## - REPRODUCTION NOTE | |
| Type of reproduction | Electronic reproduction. |
| Place of reproduction | Palo Alto, Calif. : |
| Agency responsible for reproduction | ebrary, |
| Date of reproduction | 2013. |
| Note about reproduction | Available via World Wide Web. |
| -- | Access may be limited to ebrary affiliated libraries. |
| 600 10 - SUBJECT ADDED ENTRY--PERSONAL NAME | |
| Personal name | Kant, Immanuel, |
| Dates associated with a name | 1724-1804. |
| 650 #0 - SUBJECT ADDED ENTRY--TOPICAL TERM | |
| Topical term or geographic name as entry element | Providence and government of God |
| General subdivision | History of doctrines |
| Chronological subdivision | 18th century. |
| Topical term or geographic name as entry element | Philosophical theology |
| General subdivision | History |
| Chronological subdivision | 18th century. |
| 655 #7 - INDEX TERM--GENRE/FORM | |
| Genre/form data or focus term | Electronic books. |
| Source of term | local |
| 710 2# - ADDED ENTRY--CORPORATE NAME | |
| Corporate name or jurisdiction name as entry element | ebrary, Inc. |
| 830 #0 - SERIES ADDED ENTRY--UNIFORM TITLE | |
| Uniform title | Brill's studies in intellectual history ; |
| Volume number/sequential designation | v. 149. |
| 856 40 - ELECTRONIC LOCATION AND ACCESS | |
| Uniform Resource Identifier | <a href="http://site.ebrary.com/lib/rucke/Doc?id=10270954">http://site.ebrary.com/lib/rucke/Doc?id=10270954</a> |
| Public note | An electronic book accessible through the World Wide Web; click to view |
No items available.
